000 01546nam a2200457 i 4500
001 28124
003 KOSZ 005
005 20210519133722.0
008 981118s1985 pl a |001 0 pol
015 _aUWD 1985/6466
020 _a8301058161
035 _a991008287139705066
035 _a(PL-WaBN)b12135811-48omnis_nlop
035 _ab12135811
035 _a(OCoLC)750041902
035 _azz2006980357
035 _a(PL)b0000001213581
035 _a(EXLNZ-48OMNIS_NETWORK)9910503989805606
040 _aWA N
_cWA N
_dKOSZ 005/HR
041 1 _apol
_hrus
046 _k1985
080 _a530.1
100 1 _aUgarov, Vladimir Aleksandrovič
_eAutor
245 1 0 _aSzczególna teoria względności /
_cW.A. Ugarow ; [z ros. tł. Włodzimierz Zuzga].
260 _aWarszawa :
_bPaństwowe Wydawnictwo Naukowe,
_c1985.
300 _a345, [2] s. :
_brys., wykr. ;
_c24 cm.
336 _aTekst
_btxt
_2rdacontent
337 _aBez urządzenia pośredniczącego
_bn
_2rdamedia
338 _aWolumin
_bnc
_2rdacarrier
380 _aKsiążki
388 _a1901-2000
388 _a1945-1989
504 _aBibliogr. s. 337-343. - Indeks.
650 7 _aSzczególna teoria względności
_2DBN
658 _aFizyka i astronomia
700 1 _aZuzga, Włodzimierz
_d(1951- )
_eTłumaczenie
710 2 _aPaństwowe Wydawnictwo Naukowe
_4pbl
856 _uhttp://koha.tu.koszalin.pl/cgi-bin/koha/opac-detail.pl?biblionumber=28124
_yKatalog online BPK
942 _2UKD
_cKS
999 _c28124
_d28124